000 00691nam a2200217Ia 4500
008 101110s9999 xx 000 0 und d
041 _aMARATHI
082 _bSR31220
100 _aLiman M.S., Inamdar U.B. aani Shivpuje D.R.
245 _aPayabhut abhyas - 2 (FC-II) SYBA,SYBcom New Syllabus 2008
260 _c2008
_b Sheth publishers,Mumbai
300 _a193
365 _b70
520 _aPersonality Development
546 _aMARATHI
630 _aPayabhut abhyas - 2 (FC-II) SYBA,SYBcom New Syllabus 2008
650 _aPersonality Development
655 _aPersonality Development
730 _aPayabhut abhyas - 2 (FC-II) SYBA,SYBcom New Syllabus 2008
942 _cBOOK
999 _c823722
_d823719